000 00281nam a2200109Ia 4500
008 190919s9999||||xx |||||||||||||| ||und||
100 _aMaiwald ,Eric
245 0 _aSecurity PLANNING and Disaster Recovery
260 _aNew Delhi
_bBantam Books
_c2000
300 _a1156
942 _cBK
999 _c11001
_d11001